Normal view
MARC view
Entry Personal Name
001 - CONTROL NUMBER
- control field: 64133
003 - CONTROL NUMBER IDENTIFIER
- control field: dpl
005 - DATE AND TIME OF LATEST TRANSACTION
- control field: 20240402110926.0
008 - FIXED-LENGTH DATA ELEMENTS
- fixed length control field: 240402|| aca||aabn | a|a d
040 ## - CATALOGING SOURCE
- Original cataloging agency: dpl
- Transcribing agency: dpl
100 ## - HEADING--PERSONAL NAME
- Personal name: नागरानी,देवी
670 ## - SOURCE DATA FOUND
- Source citation: Work cat.: (dpl)201852: नागरानी,देवी, भीतर सें मै कितनी खाली/, 2023
